|
|
|
|
| LEADER |
00993cam a2200265 7i4500 |
| 001 |
0000005829 |
| 005 |
20230625090000.0 |
| 008 |
230625s1978 ii # ### #00001eng## |
| 040 |
# |
# |
|a UMT
|b eng
|c UMT
|d Malcat
|e rda
|
| 090 |
0 |
0 |
|a BP 135
|b .A39 1978
|
| 100 |
0 |
# |
|a Ahmed Saeed
|e author
|
| 245 |
1 |
0 |
|a Key to the garden of bliss :
|b an authentic translation of Urdu book "Jannat Ki Kunji"
|c by Sahbanul Hind Maulana Ahmed Saeed Dehlvi ; translated by Mohd. Haneef.
|
| 264 |
# |
0 |
|a New Delhi, India:
|b Dini Book Depot,
|c 1978
|
| 300 |
# |
# |
|a 359 pages;
|c 26 cm
|
| 336 |
# |
# |
|a text --
|2 rdacontent
|
| 337 |
# |
# |
|a unmediated --
|2 rdamedia
|
| 338 |
# |
# |
|a volume --
|2 rdacarrier
|
| 500 |
# |
# |
|a Translation of Urdu book "Jannat Ki Kunji"
|
| 590 |
# |
# |
|a Pusat Pendidikan Asas dan Liberal
|
| 650 |
0 |
0 |
|a Islam --
|x Doctrines
|
| 650 |
0 |
0 |
|a Hadith
|
| 650 |
0 |
0 |
|a Hadith --
|x Language, Style
|
| 650 |
0 |
0 |
|a Religious life --
|x Islam
|
| 700 |
0 |
# |
|a Mohd. Haneef
|
| 999 |
|
|
|a 1000381443
|b Book
|c Open Shelf
|e KOLEKSI TERBUKA
|